000 06220nam a22002537a 4500
005 20250407110853.0
008 250116b ||||| |||| 00| 0 eng d
020 _a9789392192425
040 _cAL
041 _aKannada
082 _223
_aK894.3
_bAMIO
100 _aAmitav Ghosh
_9207727
100 _bಅಮಿತಾವ್ ಘೋಷ್
_9207728
245 _aOndu Puraatana Neladalli
_bಒಂದು ಪುರಾತನ ನೆಲದಲ್ಲಿ
260 _aDharwad
_bManohara grantha mala
_c2024
300 _a329 p.
_bHB
_c21x14 cm.
365 _aBLCR-000068
_b₹360.00
_c
_d₹450.00
_e20%
_f13-01-2025
520 _aಇದು ಕ್ರಿ.ಶ. 1920ರಲ್ಲಿ ಈಜಿಪ್ಟ್ ಮತ್ತು ಏಡನ್ನಾಗಿ ಭಾರತಕ್ಕೆ ಬಂದ ಮೂಲತಃ ಬ್ಯುಸಿಯದವನಾದ ಯಹೂದಿ ವರ್ತಕ ಅಬ್ರಹಾಂ ಬೆನ್ ಬಜುವಿನ ಮತ್ತು ಈಜಿಪ್ಟಿನಲ್ಲಿದ್ದ ಇಬ್ಬರು ಭಾರತೀಯರ ಕತೆ. ಬೆನ್ ಊಜ ಮಂಗಳೂರಿನಲ್ಲಿ ಹದಿನೇಳು ವರ್ಷಗಳ ಕಾಲ ಇದ್ದು, ನಾಯರ್ ಹೆಂಗಸೊಬ್ಬಳನ್ನು ಮದುವೆಯಾಗಿ, ತುಳುನಾಡಿನವನಾದ ಬೊಮ್ಮ ಎಂಬ ಭಾರತೀಯ 'ಗುಲಾಮ'ನೊಬ್ಬನನ್ನು ಹೊಂದಿದ್ದ ಬೊಮ್ಮನು ಕೆಲವೊಮ್ಮೆ ಕುಡಿದು ಮತ್ತೇರಿ ಬೆನ್ ಯಿಜು ಬರೆದ ಅಥವಾ ಅವನಿಗೆ ಬಂದ ಪತ್ರಗಳ ಬರಿಗಳಲ್ಲಿ ಕಾಣಿಸಿಕೊಳ್ಳುತ್ತಾನೆ ಹಾಗೂ ಅವನ ಯಜಮಾನನು ತನ್ನ ಕೊನೆಯ ದಿನಗಳಲ್ಲಿ ಈಜಿಪ್ಟಿಗೆ ಹಿಂದಿರುಗಿದಾಗ ಅವನ ಜೊತೆಯಲ್ಲೇ ಹೋಗಿದ್ದ. ಈಜಿಪ್ಪಿನಲ್ಲಿದ್ದ ಇನ್ನೊಬ್ಬ ಭಾರತೀಯನೆಂದರೆ ಅಮಿತಾವ್ ಘೋಷ್ ಚರಿತ್ರೆಯ ಅಡಿಟಿಪ್ಪಣಿಗಳಲ್ಲಿ ಕಾಪಿಡಲ್ಪಟ್ಟ ಬೊಮ್ಮನ ಚರಿತ್ರೆಯ ಪಾಡು ಹಿಡಿದು 1990ರಲ್ಲಿ ಅಲ್ಲಿಗೆ ಹೋಗಿದ್ದರು. ಸುಮಾರು ಹತ್ತು ವರ್ಷಗಳ ತನಕ ನಡೆದ ಈ ಹುಡುಕಾಟವು ಅಲೆಕ್ಸಾಂಡ್ರಿಯಾದಿಂದ ಎರಡು ಗಂಟೆಗಳಷ್ಟು ದಕ್ಷಿಣಕ್ಕಿರುವ ಸಣ್ಣ ಹಳ್ಳಿಯೊಂದರಲ್ಲಿ ಆರಂಭವಾಗುತ್ತದೆ ಹಳ್ಳಿಯಲ್ಲಿ ಅವರ ಮಾರ್ಗದರ್ಶಿಗಳೆಂದರೆ ನೆರೆಹೊರೆಯವರು: ದೈತ್ಯಾಕಾರದ ಮನೆಮಾಲಿಕ ಅಬು-'ಬಿರಿ ಮಣೆ ಕಣ್ಣಿನ ಸ್ಥಳೀಯ ವಾಕ್ಚತುರ ಖಮೀಸ್ ಎಂಬ ಇಲ್ಲ ಅವನ ಎದುರಾಜಿ ಇಮಾಮ್, ನೇಕಾರ ಝಲ್ ಮತ್ತು ನಖೀಲ: ಗಲ್ಸ್ ಯುದ್ಧದ ಆರಂಭದಿಂದಾಗಿ ಬಾಗ್ದಾದಿನಲ್ಲಿ ಸಿಕ್ಕಿಹಾಕಿಕೊಂಡ ಶಾಂತ ಸ್ವಭಾರದ ಸಬೀಲನ ವೈಯುಕ್ತಿಕ ಪಾಡು ಈಜಿಪ್ಟಿನ ಮತ್ತು 'ಅಭಿವೃದ್ಧಿ ಹೊಂದುತ್ತಿರುವ ಜಗತ್ತಿ'ನ ವ್ಯಾಪಕ ಸ್ಥಿತಿಯನ್ನು ಹೇಳುವ ಬಗೆಯೂ ಇಲ್ಲದೆ. ಒಂದು ಪುರಾತನ ನೆಲದಲ್ಲಿ ಇದೊಂದು ಪ್ರವಾಸಿ ಕಥನದ ಸೋಗಿನಲ್ಲಿರುವ ಬುಡಮೇಲು ಮಾಡುವ ಚರಿತ್ರೆ ವಿಪುಲವಾದ ವಿವರಣೆ, ಉಪಕತೆಗಳಿಂದ ತುಂಬಿದ ಈ ಪುಸ್ತಕವು ಧರ್ಮಯುದ್ಧದಿಂದ ಹಿಡಿದು ಆಪರೇಶನ್ ಡೆಸರ್ಟ್ ಸ್ಟೋರ್ಮ್ನ ವರೆಗಿನ ಈಜಿಪ್ಪಿನ ಆತ್ಮೀಯವಾರ ಮಾಂತ್ರಿಕ ಒಳನೋಟವನ್ನು ಕೊಡುತ್ತದೆ. ಕೆಲವು ಶತಮಾನಗಳ ಹಿಂದಿನವರೆಗೂ ಪ್ರಚಲಿತವಿದ್ದು ಈಗ ಹಲವು ಸ್ಥಳಗಳಲ್ಲಿ * ವಿಭಜನೆಗೊಳಗಾಗಿರುವ ಭಾರತೀಯರು ಮತ್ತು ಈಜಿಪ್ಟಿನವರು, ಮುಸ್ಲಿಂ ಮತ್ತು ಯಹೂದಿ, ಹಿಂದೂ ಮತ್ತು ಮುಸ್ಲಿಂ ಎಂದು ಒಂದರೊಳಗೊಂದು ಹೆಡೆದುಕೊಂಡ ಹಲವು ಸಣ್ಣ, ಅಸ್ಪಷ್ಟ ಚರಿತ್ರೆಗಳ ವಿಶದವಾದ ದರ್ಶನವನ್ನು ನೀಡುತ್ತದೆ. 1992ರಲ್ಲಿ ಬರೆದ ಈ ಕಾದಂಬರಿ 'ಇನ್ ಆನ್ ಆಂಟಕ್ ಲ್ಯಾಂಡ್ ಹೆಚ್ಚಿನ ವಿಮರ್ಶಕರಿಂದ ಘೋಷರ ಅತ್ಯಂತ ಪ್ರಮುಖ ಪುಸ್ತಕವೆಂದು ಪರಿಗಣಿಸಲ್ಪಟ್ಟರೆ ಇದರಲ್ಲಿನ ಅತ್ಮೀಯ ಶೈಲಿ ಹಾಗೂ ಪ್ರಸಕ್ತ ಕರ್ಷಣೆಗಳನ್ನು ಬೆಳಕಿಗೆ ತರಲು ಚರಿತ್ರೆಯನ್ನು ಉಪಯೋಗಿಸಿದ ರೀತಿ ಮನತಟ್ಟುವಂತಿವೆ. ಇಲ್ಲಿ ಎರಡು ಸಮಾನಾಂತರವಾದ ನಿರೂಪಣೆಗಳು: ಈಜಿಪ್ಪಿನ ಗ್ರಾಮ್ಯ ಪ್ರದೇಶಗಳಲ್ಲಿ ಪದವಿ ವಿದ್ಯಾರ್ಥಿಯಾಗಿ ಕ್ಷೇತ್ರಕಾರ್ಯ ಮಾಡುತ್ತಿರುವ ಘೋಷ್ ಹಾಗೂ ಪತ್ರಗಳಲ್ಲಿ ಹಾಗೂ ಪತ್ರಿಕೆಗಳಲ್ಲಿ ದಾಖಲಿಸಲ್ಪಟ್ಟ 12ನೇ ಶತಮಾನದ ಭಾರತೀಯ ಗುಲಾಮ ಬೊಮ್ಮ.
650 _aIn an Antique land ಪುರಾತನ ಭೂಮಿಯಲ್ಲಿ
_9193810
650 _aಪ್ರವಾಸಿ ಕಥನ
_9193811
700 _aMITHRA VENKATRAJ
_9193812
700 _aಮಿತ್ರಾ ವೆಂಕಟ್ರಾಜ್ tr
_9193975
942 _2ddc
_cBK
999 _c233640
_d233640